Sports Quiz

Random Sports Quiz

Watford F.C Squad 2013/14 (Correct) Quiz Stats

 Plays Quiz not verified by Sporcle

Challenge
Share
Tweet
Embed
Score 0/29 Timer 10:00
0 Plays Today
Country Player % Correct
SpainManuel Almunia
98%
EnglandTroy Deeney
90%
JamaicaLloyd Doyley
88%
SwitzerlandAlmen Abdi
86%
SwedenJoel Ekstrand
84%
ScotlandIkechi Anya
84%
Czech RepublicDaniel Pudil
82%
ItalyMarco Cassetti
82%
ItalyGabriele Angella
80%
Republic of IrelandTommie Hoban
78%
GermanyAlexander Merkel
76.1%
ItalyFernando Forestieri
76%
ParaguayJavier Acuna
76%
Republic of IrelandSean Murray
76%
EnglandJonathan Bond
76%
Country Player % Correct
JamaicaNyron Nosworthy
72%
AlgeriaEssaid Belkalem
68%
BrazilIriney
68%
ItalyDiego Fabbrini
66%
ItalyCristian Battocchio
64%
EnglandLewis McGugan
64%
ItalyDavide Faraoni
62%
SwedenMathias Ranegie
60.9%
Republic of IrelandConnor Smith
54%
EnglandBernard Mensah
42%
EnglandReece Brown
40%
EnglandLuke O'Nien
38%
EnglandUche Ikpeazu
32%
EnglandGary Woods
24%

You're not logged in!

Compare scores with friends on all Sporcle quizzes.
OR
Log In

You Might Also Like...

Show Comments

Extras

Created Dec 24, 2013ReportNominate
Tags:2013-2014, season, squad, watford

Top Quizzes Today


Score Distribution

Your Account Isn't Verified!

In order to create a playlist on Sporcle, you need to verify the email address you used during registration. Go to your Sporcle Settings to finish the process.

Report this User

Report this user for behavior that violates our Community Guidelines.

Details: